[Event "Benidorm Bali op-A"]
[Site "Benidorm"]
[Date "2023.12.04"]
[Round "5"]
[White "Trigo Urquijo, Sergio"]
[Black "Sijpkens, Michiel"]
[Result "1-0"]
[WhiteElo "2400"]
[BlackElo "2165"]
[PlyCount "63"]
[EventDate "2023.12.01"]
[EventType "swiss"]
[EventRounds "9"]
[EventCountry "ESP"]
[SourceTitle "CB50_2023"]
[SourceDate "2023.12.13"]
[SourceVersion "1"]
[SourceVersionDate "2023.12.13"]
[SourceQuality "1"]

1. d4 d5 2. c4 e6 3. Nc3 Nf6 4. Bg5 Be7 5. e3 0-0 6. Nf3 Nbd7 7. Rc1 c6 8. cxd5 exd5 9. Bd3 Re8 10. Qc2 Nf8 11. 0-0 Ng6 12. h3 Bd6 13. Ne2 h6 14. Bxg6 hxg5 15. Bf5 Ne4 16. Bxc8 Rxc8 17. Nd2 g4 18. hxg4 Qh4 19. f4 Qxg4 20. Nxe4 Rxe4 21. Rf3 Rce8 22. Qd3 Be7 23. Rg3 Qe6 24. Rh3 Bf6 25. Kf2 Qe7 26. Rch1 g6 27. Nc3 Re6 28. f5 gxf5 29. Qxf5 Qd6 30. Rf3 Qb4 31. Rh6 Rxe3 32. Qxf6 1-0

[Event "Titled Tuesday intern op 31st Jan Early"]
[Site "Chess.com INT"]
[Date "2023.01.31"]
[Round "1"]
[White "Avila Pavas, Santiago"]
[Black "Trigo Urquijo, Sergio"]
[Result "1/2-1/2"]
[WhiteElo "2513"]
[BlackElo "2402"]
[PlyCount "194"]
[EventDate "2023.01.31"]
[EventType "swiss (blitz)"]
[EventRounds "11"]
[EventCountry "USA"]
[SourceTitle "CBM 212 Extra"]
[Source "ChessBase"]
[SourceDate "2023.03.31"]
[SourceVersion "1"]
[SourceVersionDate "2023.03.31"]
[SourceQuality "1"]

1. d4 Nf6 2. Nf3 g6 3. Bg5 Bg7 4. Nbd2 d5 5. e3 b6 6. Be2 Bb7 7. 0-0 0-0 8. c3 h6 9. Bh4 Nbd7 10. b4 a5 11. a3 Re8 12. c4 e5 13. c5 axb4 14. cxb6 e4 15. Ne5 bxa3 16. Qb3 Nxb6 17. Rxa3 Rxa3 18. Qxa3 Qd6 19. Qxd6 cxd6 20. Rb1 dxe5 21. Rxb6 g5 22. Bg3 Bc8 23. dxe5 Nd7 24. Rd6 Nxe5 25. Rxd5 f5 26. Nc4 Nxc4 27. Bxc4 Be6 28. Rc5 Bxc4 29. Rxc4 Kf7 30. h4 Be5 31. hxg5 hxg5 32. Bxe5 Rxe5 33. g4 Kf6 34. gxf5 Kxf5 35. Kg2 Ra5 36. Kg3 Rb5 37. Rd4 Ra5 38. Rd8 Ra6 39. Rf8+ Rf6 40. Re8 Ra6 41. Re7 Rb6 42. Rc7 Ra6 43. Rc5+ Kf6 44. Kg4 Ra2 45. Rf5+ Ke6 46. Kxg5 Rb2 47. Kg4 Ra2 48. Rf8 Ke5 49. Re8+ Kd5 50. Kg3 Rb2 51. Rf8 Ke5 52. Re8+ Kd5 53. Ra8 Rb5 54. Kf4 Rb2 55. Ra5+ Ke6 56. Kg3 Kf6 57. Rd5 Ke6 58. Rh5 Kf6 59. Rh4 Ke5 60. Kg2 Rb8 61. Rf4 Rg8+ 62. Kh3 Rg7 63. Kh4 Rg2 64. Kh3 Rg1 65. Rg4 Rh1+ 66. Kg2 Rh5 67. Kg3 Rf5 68. Rg8 Rf3+ 69. Kg2 Rf6 70. Re8+ Kf5 71. Kf1 Rh6 72. Ke2 Rh2 73. Kd1 Rh7 74. Kd2 Rd7+ 75. Kc3 Rd3+ 76. Kc4 Rd2 77. Rf8+ Ke5 78. Kc3 Rd3+ 79. Kc2 Rd7 80. Re8+ Kf5 81. Kc1 Rd6 82. Rc8 Kg4 83. Rf8 Re6 84. Rf4+ Kh3 85. Kc2 Kg2 86. Kc3 Rd6 87. Kc4 Rd8 88. Kc5 Rd2 89. Rxe4 Kxf2 90. Re8 Kf3 91. e4 Kf4 92. e5 Kf5 93. Kc6 Re2 94. Kd6 Rd2+ 95. Kc5 Re2 96. Kd4 Rd2+ 97. Ke3 Rd5 1/2-1/2

[Event "Titled Tuesday intern op 17th Jan Early"]
[Site "Chess.com INT"]
[Date "2023.01.17"]
[Round "4"]
[White "Player, Edmund C"]
[Black "Trigo Urquijo, Sergio"]
[Result "1-0"]
[WhiteElo "2180"]
[BlackElo "2402"]
[PlyCount "57"]
[EventDate "2023.01.17"]
[EventType "swiss (blitz)"]
[EventRounds "11"]
[EventCountry "USA"]
[SourceTitle "CBM 212 Extra"]
[Source "ChessBase"]
[SourceDate "2023.03.31"]
[SourceVersion "1"]
[SourceVersionDate "2023.03.31"]
[SourceQuality "1"]

1. e4 c6 2. d4 d5 3. Nd2 dxe4 4. Nxe4 Nf6 5. Nxf6+ exf6 6. c3 Bd6 7. Bd3 0-0 8. Qc2 Re8+ 9. Ne2 h5 10. 0-0 h4 11. h3 Nd7 12. Bf4 Nf8 13. Bxd6 Qxd6 14. Rae1 Be6 15. Nc1 g5 16. f4 Kg7 17. Qd2 gxf4 18. Rxf4 Ng6 19. Bxg6 fxg6 20. Rxh4 g5 21. Rhe4 Bf7 22. Rxe8 Rxe8 23. Rxe8 Bxe8 24. Nd3 Bf7 25. a3 Qg3 26. Nc5 b6 27. Ne4 Qh4 28. Nd6 Bd5 29. Nf5+ 1-0

[Event "Erandio op 28th"]
[Site "Erandio"]
[Date "2019.12.19"]
[Round "6"]
[White "Trigo Urquijo, Sergio"]
[Black "Prieto Aranguren, Alain"]
[Result "1-0"]
[WhiteElo "2368"]
[BlackElo "2277"]
[PlyCount "67"]
[EventDate "2019.12.14"]
[EventType "swiss"]
[EventRounds "8"]
[EventCountry "ESP"]
[SourceTitle "CBM 194 Extra"]
[Source "ChessBase"]
[SourceDate "2020.03.31"]
[SourceVersion "1"]
[SourceVersionDate "2020.03.31"]
[SourceQuality "1"]

1. Nf3 Nf6 2. g3 d5 3. Bg2 c5 4. 0-0 Nc6 5. c4 d4 6. e3 e5 7. exd4 exd4 8. Re1+ Be7 9. d3 0-0 10. Ne5 Nxe5 11. Rxe5 Bd6 12. Re1 Bg4 13. Bf3 Bxf3 14. Qxf3 Qc7 15. Bg5 Nd7 16. Nd2 Ne5 17. Qe2 Qc6 18. Be7 Bxe7 19. Qxe5 Bf6 20. Qf5 g6 21. Qf4 Rfe8 22. Re4 Rxe4 23. Nxe4 Bg7 24. Qd6 Qxd6 25. Nxd6 Bf8 26. Nb5 a6 27. Nc7 Rb8 28. a4 Bd6 29. Nd5 b5 30. cxb5 axb5 31. a5 c4 32. a6 Bc5 33. Nf6+ Kg7 34. Nd7 1-0

[Event "Basque-ch"]
[Site "Getxo"]
[Date "2019.04.28"]
[Round "7"]
[White "Trigo Urquijo, Sergio"]
[Black "Segura del Frago, Imanol"]
[Result "1-0"]
[WhiteElo "2383"]
[BlackElo "2028"]
[PlyCount "131"]
[EventDate "2019.04.22"]
[EventType "swiss"]
[EventRounds "7"]
[EventCountry "ESP"]
[SourceTitle "CBM 190 Extra"]
[Source "ChessBase"]
[SourceDate "2019.07.15"]
[SourceVersion "1"]
[SourceVersionDate "2019.07.15"]
[SourceQuality "1"]

1. e4 e5 2. Nf3 Nc6 3. Bb5 Nf6 4. d3 Bc5 5. Bxc6 dxc6 6. Be3 Bxe3 7. fxe3 Qe7 8. 0-0 0-0 9. Nbd2 c5 10. Qe1 Ne8 11. Qg3 f6 12. Nh4 Nd6 13. Rf3 Be6 14. Nf5 Bxf5 15. exf5 e4 16. Nxe4 Nxe4 17. dxe4 Qxe4 18. Qxc7 Rac8 19. Qd7 Rcd8 20. Qb5 c4 21. Qb4 Rf7 22. Qc3 Rfd7 23. Rf4 Qe7 24. Qxc4+ Kh8 25. Re4 Qd6 26. Rd4 Qe7 27. Qe6 Qxe6 28. fxe6 Rxd4 29. exd4 Rxd4 30. Re1 Rd8 31. e7 Re8 32. Rd1 Kg8 33. Rd7 Kf7 34. Rxb7 a5 35. Ra7 Rc8 36. c3 Rc5 37. e8Q+ Kxe8 38. Rxg7 Rd5 39. Rb7 Rd2 40. a4 Rc2 41. h4 h6 42. Kh2 f5 43. Kg3 Rd2 44. Kf3 f4 45. c4 Kd8 46. b3 Kc8 47. Rb5 Kc7 48. Kxf4 Rxg2 49. Rxa5 Kc6 50. Rb5 Rc2 51. a5 Ra2 52. b4 Rc2 53. Rc5+ Kd6 54. a6 Rb2 55. a7 Rf2+ 56. Ke4 Rf8 57. Ra5 Ra8 58. Ra6+ Kc7 59. b5 Kb7 60. c5 Re8+ 61. Kd5 Ka8 62. b6 h5 63. b7+ Kxb7 64. a8Q+ Rxa8 65. Rxa8 Kxa8 66. Kc6 1-0

[Event "Erandio op 27th"]
[Site "Erandio"]
[Date "2018.12.18"]
[Round "4"]
[White "Segura del Frago, Imanol"]
[Black "Trigo Urquijo, Sergio"]
[Result "0-1"]
[WhiteElo "2023"]
[BlackElo "2373"]
[PlyCount "91"]
[EventDate "2018.12.15"]
[EventType "swiss"]
[EventRounds "8"]
[EventCountry "ESP"]
[SourceTitle "EXT 2020"]
[Source "ChessBase"]
[SourceDate "2019.10.17"]
[SourceVersion "1"]
[SourceVersionDate "2019.10.17"]
[SourceQuality "1"]

1. e4 d6 2. d4 Nf6 3. Bd3 e5 4. c3 Nc6 5. d5 Ne7 6. Ne2 g6 7. 0-0 Bg7 8. f4 exf4 9. Bxf4 0-0 10. Nd2 h6 11. Nf3 g5 12. Be3 Ng4 13. Bd4 Bxd4+ 14. Nfxd4 Ne3 15. Qd2 Nxf1 16. Rxf1 Ng6 17. Ng3 Ne5 18. h4 Kh7 19. Nh5 f6 20. Ng3 c5 21. Ndf5 Rg8 22. Be2 Bxf5 23. Nxf5 Qf8 24. h5 g4 25. Rf4 Rg5 26. Ng3 Qf7 27. Qd1 Rag8 28. Qf1 Qe7 29. Rxf6 Nf3+ 30. gxf3 gxf3 31. Rxf3 Rxg3+ 32. Rxg3 Rxg3+ 33. Kf2 Qh4 34. Bf3 Rh3+ 35. Kg1 Qg5+ 36. Bg2 Qe3+ 37. Qf2 Qxf2+ 38. Kxf2 Rxh5 39. Bf3 Rg5 40. Ke3 Kg7 41. Kf4 Kf6 42. b4 b6 43. a4 h5 44. a5 h4 45. Bg4 cxb4 46. cxb4 0-1

[Event "Euskadi-chT (Vasca) Div Honor"]
[Site "Bergara"]
[Date "2018.02.10"]
[Round "5.2"]
[White "Sarralde Osua, Diego"]
[Black "Trigo Urquijo, Sergio"]
[Result "0-1"]
[WhiteElo "2045"]
[BlackElo "2379"]
[PlyCount "120"]
[EventDate "2018.01.13"]
[EventType "team-tourn"]
[EventRounds "9"]
[EventCountry "ESP"]
[SourceTitle "EXT 2020"]
[Source "ChessBase"]
[SourceDate "2019.10.17"]
[SourceVersion "1"]
[SourceVersionDate "2019.10.17"]
[SourceQuality "1"]
[WhiteTeam "Abadino"]
[BlackTeam "Sestao"]
[WhiteTeamCountry "ESP"]
[BlackTeamCountry "ESP"]

1. e4 e5 2. Nf3 Nc6 3. Bc4 Bc5 4. c3 Nf6 5. d4 exd4 6. 0-0 Nxe4 7. cxd4 d5 8. dxc5 dxc4 9. Qe2 Qd3 10. Re1 f5 11. Nc3 0-0 12. Nxe4 fxe4 13. Qxe4 Bf5 14. Qh4 Rae8 15. Bf4 Nd4 16. Nxd4 Qxd4 17. Qg3 Qxc5 18. Bxc7 Rxe1+ 19. Rxe1 Qb4 20. Qc3 Qxc3 21. bxc3 Kf7 22. f3 Rc8 23. Be5 Re8 24. Kf2 Re6 25. Bd4 Ra6 26. Re2 b6 27. Rb2 g6 28. Kg3 Ra5 29. Kf4 Bd3 30. g4 Ke6 31. h4 Kd6 32. Ke3 Kc6 33. f4 h5 34. g5 Kd5 35. Kf3 Kc6 36. Ke3 Bf5 37. Be5 Rd5 38. Bd4 Bd3 39. Be5 Kd7 40. Bd4 Ke6 41. Kf3 Kf5 42. a4 Ke6 43. Rb5 Bc2 44. Rxd5 Kxd5 45. a5 bxa5 46. Bxa7 a4 47. Be3 Bd1+ 48. Kf2 Ke4 49. Bc1 Bg4 50. f5 Bxf5 51. Ke2 Bg4+ 52. Kd2 Kf3 53. Ba3 Kg3 54. Ke3 Kxh4 55. Ke4 Be2 56. Ke3 Bd3 57. Kf4 Kh3 58. Kf3 Bc2 59. Bd6 Bd1+ 60. Kf4 Kg2 0-1